000 00417nam a2200121 4500
008 708 SE463f
082 _a708
_bSE463f
100 _aSekula, Allan
_96921
245 _aFish story, to be continued
260 _aSingapur
_bNTU Center for Contemporary Art Singapore
_c2016
300 _a20 p.
_bill (col)
_c20 x 14,5 cm
650 _xarte contemporáneo
_xarte - exhibiciones
_xarte - audiovisuales
_xEstados Unidos
_xNTU
_96922
999 _c1732
_d1732